Loading...
| Current Events | 5 | 12.00 | 100% | 20% | 0% |
| Fine Arts - Classical Music | 6 | 20.00 | 100% | 83% | 17% |
| Fine Arts - Other | 8 | 17.50 | 100% | 50% | 25% |
| Fine Arts - Painting and Sculpture | 4 | 12.50 | 100% | 25% | 0% |
| Geography | 1 | 10.00 | 100% | 0% | 0% |
| History - American | 1 | 10.00 | 100% | 0% | 0% |
| History - European | 3 | 16.67 | 100% | 67% | 0% |
| History - Other | 3 | 16.67 | 100% | 67% | 0% |
| History - World | 6 | 15.00 | 100% | 50% | 0% |
| Literature - Drama | 2 | 20.00 | 100% | 50% | 50% |
| Literature - Long Fiction | 7 | 7.14 | 57% | 14% | 0% |
| Literature - Misc | 2 | 10.00 | 100% | 0% | 0% |
| Literature - Poetry | 3 | 6.67 | 67% | 0% | 0% |
| Literature - Short Fiction | 1 | 10.00 | 100% | 0% | 0% |
| Mythology | 4 | 12.50 | 100% | 25% | 0% |
| Other Academic | 4 | 15.00 | 75% | 25% | 50% |
| Philosophy | 2 | 15.00 | 50% | 100% | 0% |
| Religion | 3 | 10.00 | 67% | 33% | 0% |
| Science - Biology | 2 | 20.00 | 100% | 50% | 50% |
| Science - Chemistry | 2 | 15.00 | 100% | 50% | 0% |
| Science - Other | 3 | 16.67 | 100% | 67% | 0% |
| Science - Physics | 4 | 17.50 | 100% | 75% | 0% |
| Short Fiction and Other | 3 | 6.67 | 67% | 0% | 0% |
| Social Science | 8 | 11.25 | 63% | 50% | 0% |